Sports Quiz

Random Sports or Clickable Quiz
Score 0/74 Timer 07:00
0 Plays Today
% Correct
Khari
100%
Tramaine
100%
Rashard
100%
Dalyn
100%
Nigel
100%
Cody
100%
Joey
100%
Greg
100%
Taylor
100%
Kareem
100%
Cody
100%
Kalif
100%
Derick
100%
Ryan
100%
Marcus
94.6%
Ryan
94%
Delanie
92.6%
Ryan
91.9%
Derrick
88.6%
Kenny
87.9%
Adoree'
87.2%
Tajae
85.9%
Dion
85.2%
Cameron
84.6%
Kevin
84.6%
Malcolm
84.6%
Corey
83.9%
Jurrell
83.9%
Adam
83.2%
Cairo
82.6%
Wesley
81.2%
Jack
79.9%
Jonnu
79.2%
A.J.
78.5%
Logan
77.9%
Rodger
75.8%
Brett
73.2%
% Correct
Rashaan
67.1%
Harold
66.4%
David
65.1%
MyCole
63.1%
David
59.7%
Jayon
59.7%
Amani
59.1%
Dane
58.4%
DaQuan
57.7%
Kamalei
57.7%
Jeffery
56.4%
LeShaun
55%
Ben
53%
Darius
52.3%
Hroniss
52.3%
Anthony
51%
Brent
49%
Beau
48.3%
Kevin
48.3%
Dennis
47%
Tye
40.9%
Cameron
40.3%
Daren
40.3%
Nate
39.6%
David
35.6%
Jamil
34.9%
Sharif
33.6%
Austin
31.5%
D'Andre
31.5%
Joshua
29.5%
Matt
28.2%
Reggie
28.2%
Aaron
25.5%
Isaiah
24.2%
Christopher
22.8%
Jordan
14.8%
Rod
0%

You're not logged in!

Compare scores with friends on all Sporcle quizzes.
OR
Log In

Sporcle TV

Today on Sporcle TV


Watch our educational content, quiz creation guides, and fun videos on Sporcle TV.

Show Comments

Extras

Top Quizzes Today


Score Distribution

Paid Content

Your Account Isn't Verified!

In order to create a playlist on Sporcle, you need to verify the email address you used during registration. Go to your Sporcle Settings to finish the process.

Report this User

Report this user for behavior that violates our Community Guidelines.

Details: